PRE CONCEPTION AND PRE- NATALDIAGNOSTIC TECHNIQUES ACT,1994 (Record no. 6701)

MARC details
000 -LEADER
fixed length control field 00401nam a22001577a 4500
005 - DATE AND TIME OF LATEST TRANSACTION
control field 20200531104909.0
008 - FIXED-LENGTH DATA ELEMENTS--GENERAL INFORMATION
fixed length control field 200531b xxu||||| |||| 00| 0 eng d
041 ## - LANGUAGE CODE
Language code of text/sound track or separate title eng
082 ## - DEWEY DECIMAL CLASSIFICATION NUMBER
Classification number 340
100 ## - MAIN ENTRY--AUTHOR NAME
Personal name BARE ACT
245 ## - TITLE STATEMENT
Title PRE CONCEPTION AND PRE- NATALDIAGNOSTIC TECHNIQUES ACT,1994
260 ## - PUBLICATION, DISTRIBUTION, ETC. (IMPRINT)
Place of publication DELHI
Name of publisher PROFESSIONAL BOOK PUBLISHERS
300 ## - PHYSICAL DESCRIPTION
Number of Pages 67; p
650 ## - SUBJECT ADDED ENTRY--TOPICAL TERM
Topical Term LAW
942 ## - ADDED ENTRY ELEMENTS (KOHA)
Koha item type Books
Holdings
Lost status Damaged status Home library Current library Date acquired Source of acquisition Cost, normal purchase price Full call number Accession Number Koha item type
    JRU Library   12/06/2020 PURCHESS 75.00 340 23360 Books